000 00506nam a2200169Ia 4500
008 090711s9999 xx 000 0 und d
082 _b67463
100 _aराजे नयना
245 _aमी जिंकले मी हरले
260 _c1991
300 _a159
600 _aराजे नयना
630 _aमी जिंकले मी हरले
700 _aराजे नयना
730 _aमी जिंकले मी हरले
942 _cBOOK
999 _c288605
_d288605